| 000 | 00664nam a22001817a 4500 | ||
|---|---|---|---|
| 999 |
_c159426 _d159426 |
||
| 005 | 20181217150127.0 | ||
| 010 | _aENG-124557 | ||
| 020 |
_c1295.00 _a9789352807079 |
||
| 035 | _aEN-108089 | ||
| 037 | _bDBAD/PUB. | ||
| 082 | _a305.9080954 | ||
| 245 |
_aDisability in south asia: _ced. by Anita Ghai _bknowledge and experience / |
||
| 260 |
_aNew Delhi _bSage Publications India Pvt. Ltd. _c2018 |
||
| 270 |
_aB1/I-1, Mohan Cooperative Industrial Area Mathura Road Post Bag 7 _bNew Delhi _e110044 |
||
| 300 |
_axliii,443p. _c22cm.(Hb) |
||
| 500 | _aIt includes about the editor and contributors and index | ||
| 942 |
_2ddc _cEN _mDIS _h305.9080954 |
||